000 00595nam a22002057a 4500
003 OSt
005 20150310165652.0
008 150310b xxu||||| |||| 00| 0 eng d
040 _cBMC
082 _a813.54
100 1 _932566
_aTempleton, Charles
_d1915-2001
245 1 3 _aLa mano de Dios
_cCharles Templeton ; traducción, Rafael Urbino
260 _aBuenos Aires
_bSudamericana
_ccop. 1979
300 _a348 p.
_c20 cm
490 _aVértice
595 _aTraducción de: Act of God
650 2 4 _931039
_aNovela canadiense
700 1 _95403
_aUrbino, Rafael
942 _2ddc
_cBK
_hahoj
999 _c19451
_d19451